000 00970nam a2200301Ia 4500
001 79286
003 IT-RoPAU
008 130308s9999 xx 000 0 und d
040 _aIT-RoPAU
040 _cIT-RoPAU
041 _aSPAGNOLO
100 _aGil De Muro Eduardo
100 _gCodice Aut. SPICS: 6071
245 _aMedios de comunicacion: cine-el guion cinematografico
245 _bMedios de comunicacion: cine-el guion Cinematografico
250 _a1a ed.
260 _aMADRID
260 _bEdiciones Paulinas
260 _c1974 [1° Ed.:1974 - Ed.Ling.Originale:1974]
300 _a"48 p. (prefazione: no ; testo: 48 [pagine: 0-0])"
500 _aCorso per Corrispondenza Sui mezzi di Comunicazione Cinema Copione Cinematografico regista e sceneggiatore Letteratura e Tecnica Consigli
650 _aTEORIA DELLA COMUNICAZIONE SOCIALE
650 _eCodice materia Spics: 3802
942 _cBK
957 _71
999 _c67057
_d67057
999 _bSI
999 _g2